| Tag |
First Indicator |
Second Indicator |
Subfields |
| LEADER |
00000cam a2200000Ia 4500 |
| 001 |
in00004035708 |
| 005 |
20190122151002.0 |
| 008 |
830609s1949 cauac 000 0beng d |
| 035 |
|
|
|a (OCoLC)on1051632363
|
| 035 |
|
|
|a (OCoLC)1051632363
|
| 040 |
|
|
|a SNN
|b eng
|c SNN
|d OCLCO
|d OCLCF
|d TXA
|d UtOrBLW
|
| 049 |
|
|
|a TXAM
|
| 050 |
|
4 |
|a E467.1.L4
|b W18 1949
|
| 082 |
0 |
4 |
|a 767
|
| 100 |
1 |
|
|a Wall, Bernhardt,
|d 1872-1956,
|e artist.
|0 http://id.loc.gov/authorities/names/no91027940
|
| 245 |
1 |
0 |
|a Gen. Robert E. Lee :
|b a short pictorial biography /
|c by Wall.
|
| 246 |
1 |
8 |
|a General Robert E. Lee
|
| 250 |
|
|
|a Edition of 100 copies.
|
| 264 |
|
1 |
|a Sierra Madre, Calif. :
|b [Bernhardt Wall],
|c 1949.
|
| 300 |
|
|
|a 36 unnumbered leaves :
|b chiefly color illustrations, portraits ;
|c 21 x 19 cm
|
| 336 |
|
|
|a still image
|b sti
|2 rdacontent
|
| 337 |
|
|
|a unmediated
|b n
|2 rdamedia
|
| 338 |
|
|
|a volume
|b nc
|2 rdacarrier
|
| 500 |
|
|
|a Numbered and signed by the etcher.
|
| 500 |
|
|
|a The Cushing Library/Lowman/Book Design copy is number36 and is signed by Bernhardt Wall.
|
| 500 |
|
|
|a Label on back pastedown: "Etcht printed and bound by Bernhardt Wall, D.H.L."
|
| 580 |
|
|
|a The Cushing Library/Lowman/Book Design copy forms part of the Book Design Section of the Al Lowman Printing Arts Collection and Research Archive.
|
| 600 |
1 |
0 |
|a Lee, Robert E.
|q (Robert Edward),
|d 1807-1870
|v Pictorial works.
|
| 650 |
|
0 |
|a Generals
|z Confederate States of America
|v Biography
|v Pictorial works.
|
| 650 |
|
0 |
|a Etching, American
|y 20th century.
|
| 600 |
1 |
7 |
|a Lee, Robert E.
|q (Robert Edward),
|d 1807-1870.
|2 fast
|0 (OCoLC)fst00053327
|
| 655 |
|
7 |
|a Pictorial works.
|2 fast
|0 (OCoLC)fst01423874
|
| 655 |
|
7 |
|a Biographies.
|2 lcgft
|0 http://id.loc.gov/authorities/genreForms/gf2014026049
|
| 773 |
0 |
|
|t Al Lowman Printing Arts Collection and Research Archive.
|
| 994 |
|
|
|a C0
|b TXA
|
| 948 |
|
|
|a cataloged
|b h
|c 2018/11/16
|d c
|e nbehmer
|f 12:16:15 pm
|
| 999 |
f |
f |
|s 6d60f794-690a-32e8-9b26-4797d47a0883
|i 12a8ebc6-5beb-339b-9180-a97ce6bc45ad
|t 0
|
| 952 |
f |
f |
|p noncirc
|a Texas A&M University
|b College Station
|c Cushing Memorial Library & Archives
|d Cushing: Lowman (Does not check out)
|t 0
|e E467.1.L4 W18 1949
|h Library of Congress classification
|i unmediated -- volume
|
| 998 |
f |
f |
|a E467.1.L4 W18 1949
|t 0
|l Cushing: Lowman (Does not check out)
|